| 000 | 01941cam a22004215i 4500 | ||
|---|---|---|---|
| 999 |
_c27654 _d27625 |
||
| 001 | 17559997 | ||
| 003 | EG-ScBUE | ||
| 005 | 20190926115350.0 | ||
| 008 | 121212s2012 enka f b 001 0 eng d | ||
| 020 | _a9780199599370 | ||
| 020 | _a0199599378 | ||
| 035 | _a(OCoLC)ocn769989408 | ||
| 040 |
_aBTCTA _beng _erda _cBTCTA _dUKMGB _dYDXCP _dYNK _dYOU _dCGU _dBWX _dPUL _dCDX _dCOO _dDGU _dSTF _dDLC _dEG-ScBUE |
||
| 043 | _ae------ | ||
| 082 | 0 | 4 |
_a324.2094 _bPAR _222 |
| 245 | 0 | 0 |
_aParty patronage and party government in European democracies / _cedited by Peter Kopecký, Peter Mair, and Maria Spirova. |
| 250 | _aFirst edition. | ||
| 264 | 1 |
_aOxford : _bOxford University Press, _c2012. |
|
| 300 |
_axvi, 415 pages : _billustrations ; _c24 cm. |
||
| 336 |
_atext _btxt _2rdacontent |
||
| 337 |
_aunmediated _bn _2rdamedia |
||
| 338 |
_avolume _bnc _2rdacarrier |
||
| 490 | 0 | _aComparative politics | |
| 504 | _aIncludes bibliographical references and index. | ||
| 520 | _aParty Patronage and Party Government in European Democracies brings together insights from the worlds of party politics and public administration in order to analyze the role of political parties in public appointments across contemporary Europe. | ||
| 650 | 7 |
_aPatronage, Political _zEurope. _2BUEsh |
|
| 650 | 7 |
_aPolitical parties _zEurope. _2BUEsh |
|
| 650 | 7 |
_aPolitics, Practical _zEurope. _2BUEsh |
|
| 651 | 7 |
_aEurope _xPolitics and government. _2BUEsh _915690 |
|
| 653 |
_bMASPPSS _cSeptember2019 |
||
| 700 | 1 |
_aKopecký, Peter, _eeditor. |
|
| 700 | 1 |
_aMair, Peter, _eeditor. _910793 |
|
| 700 | 1 |
_aSpirova, Maria, _eeditor. |
|
| 856 | 4 | 2 |
_3Contributor biographical information _uhttp://www.loc.gov/catdir/enhancements/fy1403/2012462564-b.html |
| 856 | 4 | 2 |
_3Publisher description _uhttp://www.loc.gov/catdir/enhancements/fy1403/2012462564-d.html |
| 856 | 4 | 1 |
_3Table of contents only _uhttp://www.loc.gov/catdir/enhancements/fy1403/2012462564-t.html |
| 942 |
_2ddc _cBB |
||